000
00227nam a22000977a 4500
008
170105b xxu||||| |||| 00| 0 eng d
041
_a
eng
080
_2
1ST
_a
618.2
245
_a
POCKET GUIDE FOR NURSING
_c
ROSE, H
942
_2
udc
_c
BK
999
_c
2561
_d
2561